| 000 | 00594nam a22001457a 4500 | ||
|---|---|---|---|
| 020 | _a978-93-84531-51-5 | ||
| 082 |
_a823 _bKAN/F |
||
| 100 | _aKANAKARAGHAVAN | ||
| 245 | _aFOOLISH CROW | ||
| 260 |
_aTHRISSUR _bH & C BOOKS _c2022 |
||
| 300 | _a47 | ||
| 520 | _aThe crow grabbed it in his beak and flew to a faraway tree as he did not want to share it with anyone else. A fox was passing by as he was sitting on a branch with the cheese in his beak. He saw the crow and thought of getting the cheese for himself. He immediately started flattering the crow | ||
| 650 | _aSHORT STORY | ||
| 942 | _cBK | ||
| 999 |
_c6845 _d6845 |
||